000 00301nam a22001217a 4500
008 160430b xxu||||| |||| 00| 0 eng d
020 _a042799307854
020 _a0785307850
041 _aeng
080 _a612.39
245 _aFoodsfor better health:
_cDensie Webb; Susan Male Smith;
942 _2udc
_cBK
999 _c1706
_d1706